000 01131naa a22003137a 4500
001 BR7703513
003 BR-BrBNA
005 20240918174016.0
007 ta
008 230509b bl.||||| |||| 00| 0 por d
040 _aBR-BrBNA
_bpor
_cBiblioteca Nacional de Agricultura
041 _a(Pt)
072 _aE10; A50; F00
_b/G514
090 _aE10 BR7703513
100 1 _aPastore, J.
100 1 _aAlves, E.
245 1 _aO papel da tecnologia na expansao agricola [Macroeconomia; Pesquisa agricola; Producao vegetal; Tecnologia agricola; Administracao de pesquisa; Extensao rural; Brasil]
260 3 _aBrasilia, DF (Brasil):
_c1977.
500 _aColetanea de trabalhos sobre a EMBRAPA Brasilia, DF (Brasil): 1977. p. 26-34 (BR7703513-AM)E10
650 _aMacroeconomia
650 _aPesquisa agricola
650 _aProducao vegetal
650 _aTecnologia agricola
650 _aAdministracao de pesquisa
650 _aExtensao rural
773 0 _tColetanea de trabalhos sobre a EMBRAPA
_wE10 BR7703513
_gBrasilia, DF (Brasil), 1977. p. 26-34
909 _a202404
_bLucia
_c55
_dLucia Elande
942 _cAM
_2AGRIS
999 _c308301
_d308301